LEADER 01574oam 2200421z- 450 001 9910143033803321 005 20241212215500.0 010 $a9781509093663 010 $a1509093664 035 $a(CKB)1000000000331450 035 $a(EXLCZ)991000000000331450 100 $a20220608c2006uuuu -u- - 101 0 $aeng 200 00$a2006 International Conference on information and technology $eresearch and education 210 $cIEEE 311 08$a9781424408580 311 08$a142440858X 311 08$a9781424408597 311 08$a1424408598 517 $aObject/Component/Service-Oriented Real-Time Distributed Computing 517 $a2006 International Conference on Information Technology 517 $a2006 International Conference on Information Technology: Research and Education 531 $aINFORMATION TECHNOLOGY: RESEARCH & EDUCATION, 2006 INTERNATIONAL CONFERENCE ON 531 $aINFORMATION TECHNOLOGY 531 $aINFORMATION TECHNOLOGY: RESEARCH & EDUCATION, 2006. ITRE '06. INTERNATIONAL CONFERENCE ON 606 $aInformation technology$vCongresses 606 $aWireless communication systems$vCongresses 606 $aInternet in education$vCongresses 606 $aMultimedia systems$vCongresses 615 0$aInformation technology 615 0$aWireless communication systems 615 0$aInternet in education 615 0$aMultimedia systems 676 $a004 906 $aPROCEEDING 912 $a9910143033803321 996 $a2006 International Conference on information and technology$92871721 997 $aUNINA